La exhumación de la resolución (PGN) 5/2012 (Registro nro. 20156)

Detalles MARC
000 -LEADER
fixed length control field 00324 a2200109 4500
001 - CONTROL NUMBER
control field ART_46203
005 - DATE AND TIME OF LATEST TRANSACTION
control field 20260410161756.0
008 - FIXED-LENGTH DATA ELEMENTS--GENERAL INFORMATION
fixed length control field 260409a
100 1# - MAIN ENTRY--PERSONAL NAME
Personal name Folco, Carlos Maria
245 10 - TITLE STATEMENT
Title La exhumación de la resolución (PGN) 5/2012
773 0# - HOST ITEM ENTRY
Title Doctrina tributaria
Related parts - N°457 (abr. 2018)
Record control number REV4296

No hay ítems disponibles.